A Pragmatic Approach To Turbulence A Short Course In Fluid Mechanics (Record no. 34342)

MARC details
000 -LEADER
fixed length control field 00437nam a22001697a 4500
003 - CONTROL NUMBER IDENTIFIER
control field OSt
005 - DATE AND TIME OF LATEST TRANSACTION
control field 20220405105635.0
008 - FIXED-LENGTH DATA ELEMENTS--GENERAL INFORMATION
fixed length control field 220405b |||||||| |||| 00| 0 eng d
020 ## - INTERNATIONAL STANDARD BOOK NUMBER
International Standard Book Number 9788120340923
040 ## - CATALOGING SOURCE
Transcribing agency HU
082 ## - DEWEY DECIMAL CLASSIFICATION NUMBER
Classification number 620.1064
100 ## - MAIN ENTRY--PERSONAL NAME
Personal name Persen N. Lelf
9 (RLIN) 35157
245 ## - TITLE STATEMENT
Title A Pragmatic Approach To Turbulence A Short Course In Fluid Mechanics
260 ## - PUBLICATION, DISTRIBUTION, ETC.
Place of publication, distribution, etc. New Delhi
Name of publisher, distributor, etc. New Delhi
300 ## - PHYSICAL DESCRIPTION
Type of unit 256
942 ## - ADDED ENTRY ELEMENTS (KOHA)
Source of classification or shelving scheme Dewey Decimal Classification
Koha item type Books like text book referance book
Suppress in OPAC No
Holdings
Withdrawn status Lost status Source of classification or shelving scheme Damaged status Not for loan Home library Current library Shelving location Date acquired Full call number Barcode Date last seen Copy number Price effective from Koha item type Total Checkouts
    Dewey Decimal Classification     IoT Library IoT Library General Stacks 04/05/2022 620.1064/PER/2011 IOTL0020221 04/05/2022 1 04/05/2022 Books like text book referance book  
    Dewey Decimal Classification     IoT Library IoT Library General Stacks 04/05/2022 620.1064/PER/2011 IOTL0020222 04/05/2022 2 04/05/2022 Books like text book referance book  
    Dewey Decimal Classification     IoT Library IoT Library General Stacks 04/05/2022 620.1064/PER/2011 IOTL0020223 04/05/2022 3 04/05/2022 Books like text book referance book  
    Dewey Decimal Classification     IoT Library IoT Library General Stacks 04/05/2022 620.1064/PER/2011 IOTL0020224 04/05/2022 4 04/05/2022 Books like text book referance book  
    Dewey Decimal Classification     IoT Library IoT Library General Stacks 04/05/2022 620.1064/PER/2011 IOTL0020225 04/05/2022 5 04/05/2022 Books like text book referance book  
    Dewey Decimal Classification     IoT Library IoT Library General Stacks 04/05/2022 620.1064/PER/2011 IOTL0020226 04/05/2022 6 04/05/2022 Books like text book referance book  
    Dewey Decimal Classification     IoT Library IoT Library General Stacks 04/05/2022 620.1064/PER/2011 IOTL0020227 04/05/2022 7 04/05/2022 Books like text book referance book  
    Dewey Decimal Classification     IoT Library IoT Library General Stacks 04/05/2022 620.1064/PER/2011 IOTL0020228 04/05/2022 8 04/05/2022 Books like text book referance book  
    Dewey Decimal Classification     IoT Library IoT Library General Stacks 04/05/2022 620.1064/PER/2011 IOTL0020229 04/05/2022 9 04/05/2022 Books like text book referance book  
    Dewey Decimal Classification     IoT Library IoT Library General Stacks 04/05/2022 620.1064/PER/2011 IOTL0019871 04/05/2022 10 04/05/2022 Books like text book referance book